Statistiques concernant Pokémon- Spécialistes du Type Dragon

Cliquez ici pour prendre le quiz!

Statistiques générales

  • Ce quiz a été pris 35 fois
    (9 depuis la dernière actualisation)
  • Le résultat moyen est 49 sur 59

Statistiques - réponses

NuméroPokémon% Correct
17Altaria
100%
6Bruyverne
100%
5Carchacrok
100%
7Carmache
100%
3Coupenotte
100%
4Draby
100%
2Dracaufeu
100%
6Drackhaus
100%
13Draco
100%
9Dracolosse
100%
13Drakkarmin
100%
6Drattak
100%
6Griknot
100%
7Hypocéan
100%
7Hyporoi
100%
14Incisache
100%
1Jungko
100%
1Kraknoix
100%
4Kravarech
100%
8Léviator
100%
8Libégon
100%
9Minidraco
100%
2Pomdrapi
100%
2Ptéra
100%
4Solochi
100%
1Sonistrelle
100%
8Tranchodon
100%
3Trioxhydre
100%
1Venalgue
100%
3Vibraninf
100%
1Aéroptéryx
75%
1Bébécaille
75%
4Boumata
75%
2Colimucus
75%
1Cryodo
75%
2Draïeul
75%
1Dratatin
75%
2Duralugon
75%
1Écaïd
75%
1Ékaïser
75%
1Fantyrm
75%
1Galeking
75%
1Glaivodo
75%
1Hydragon
75%
1Hypotrempe
75%
1Lokhlass
75%
1Mucuscule
75%
3Muplodocus
75%
3Tylton
75%
1Verpom
75%
1Bekipan
50%
1Chartor
50%
1Dunaconda
50%
1Gigalithe
50%
1Noadkoko d'Alola
50%
1Pondralugon
50%
1Rexillius
50%
1Blizzaroi
25%
1Feunard
25%

Distribution des résultats

Percentile par nombre de réponses

% des personnes avec chaque résultat

Votre développement - résultats

Vous n’avez pas pris ce quiz depuis la dernière actualisation